000 00339nam a2200157Ia 4500
003 0STCL
008 150530s9999 xx 000 0 und d
040 _aSTCL
_cSTCL
100 _aAly Bower Ed
245 _aNature of the Republic
260 _c1966
546 _aEnglish
942 _2ddc
_cBK
999 _c6666
_d6666
005 20220125165436.0